[Event "Istanbul Open 2018"]
[Site "Istanbul"]
[Date "2018.09.04"]
[Round "4"]
[White "Sar, Can"]
[Black "Cibik, Huseyin Bora"]
[Result "1-0"]
[WhiteElo "1800"]
[BlackElo "1666"]
[Annotator "NA RC"]
[PlyCount "89"]
[EventDate "2018.09.02"]
[EventType "swiss"]
[EventCountry "TUR"]
[SourceTitle "playchess.com"]
[Source "ChessBase"]
[SourceQuality "1"]
[TimeControl "5400+30"]

{[%evp 11,89,32,35,35,35,41,45,25,36,19,21,32767,32767,32767,32767,32767,45,29,110,119,279,285,293,285,298,285,307,345,479,212,32767,32767,32767,32767,223,216,235,235,391,124,123,120,235,257,222,120,118,126,32767,32767,32767,32767,168,213,203,32767,32767,32767,118,32767,32767,32767,109,32767,120,856,437,610,32767,32767,1020,32767,32767,32767,5061,32767,6079,29962,29942,29978]} 1. e4 {[%emt 0:00:30]} e6 {[%emt 0:00:30]} 2. d4 {[%emt 0:00:00]} d5 {[%emt 0:01:30]} 3. Nd2 {[%emt 0:04:00]} dxe4 {[%emt 0:00:30]} 4. Nxe4 {[%emt 0:00:30]} Nd7 {[%emt 0:00:30]} 5. Nf3 {[%emt 0:00:30]} Ngf6 {[%emt 0:00:30]} 6. Nxf6+ {[%emt 0:01:30]} Nxf6 {[%emt 0:00:30]} 7. Bd3 {[%emt 0:01:30]} Be7 {[%emt 0:00:30]} 8. O-O {[%emt 0:00:30] LiveBook: 86 Games} O-O {[%emt 0:00:30]} 9. Bf4 {[%emt 0:01:30]} b6 {[%emt 0:00:30]} 10. Re1 {[%emt 0:03:30]} Bb7 {[%emt 0:00:30]} 11. c3 {[%emt 0:00:30]} c5 {[%emt 0:00:30]} 12. dxc5 {[%emt 0:00:30]} Bxc5 {[%emt 0:00:30]} 13. Qe2 {[%emt 0:02:30]} Nd5 {[%emt 0:05:30] C10: French with 3 Nc3: Unusual Black 3rd moves and 3...dxe4} (13... Qe7 14. Rad1 Rfd8 15. Bg5 h6 16. Bxf6 Qxf6 17. Be4 Qe7 18. Bxb7 Qxb7 19. Ne5 Qc7 20. Qe4 Rac8 21. Nf3 {½-½ (56) Wengler,J (2125)-Andersson,U (2582) Bad Wiessee 2011}) 14. Be5 $146 {[%emt 0:11:30]} ({Predecessor:} 14. Bg3 Qf6 15. Be4 Qh6 16. h3 Rae8 17. Ne5 f5 18. Bf3 Bc8 19. Rad1 a5 20. a3 Qf6 21. c4 f4 22. Bh2 Ne3 23. Nd7 Bxd7 {0-1 (23) Bors,S (2124)-Kiss,J (2112) Hungary 2008}) 14... f6 {[%emt 0:13:30]} ({Black should play} 14... Qe7 $14) 15. Bg3 {[%emt 0:00:30]} e5 $2 {[%emt 0:01:30]} (15... Re8 $16) 16. Rad1 {[%emt 0:01:30]} Qc7 {[%emt 0:23:30]} 17. Qe4 {[%emt 0:06:30]} f5 {[%emt 0:46:30]} 18. Qxe5 {[%emt 0:00:30]} Qxe5 {[%emt 0:01:30]} 19. Bxe5 {[%emt 0:40:30]} ({Bloß nicht} 19. Nxe5 Rad8 $18) ({Keinesfalls} 19. Rxe5 Kh8) 19... Rad8 {[%emt 0:55:30]} (19... Rac8 $142 20. Bc2 Nf6) 20. Nd4 {[%emt 0:00:30]} (20. Ng5 $142) 20... Bxd4 {[%emt 0:00:30]} 21. Bxd4 {[%emt 0:00:30]} Nf4 {[%emt 0:00:30]} 22. Bf1 {[%emt 0:00:30]} Rfe8 {[%emt 0:01:30]} 23. g3 {[%emt 0:01:30]} Ne6 {[%emt 0:02:30]} 24. Bc4 {[%emt 0:01:30]} Bd5 {[%emt 0:02:30] [#]} (24... Kf7 {was necessary.} 25. Re5 g6) 25. Bxd5 $2 {[%emt 0:01:30]} (25. Bxb6 $1 $18 {[%mdl 512]} axb6 26. Rxd5 Rxd5 27. Bxd5) 25... Rxd5 {[%emt 0:00:30]} 26. Be3 {[%emt 0:00:30]} Red8 {[%emt 0:01:30]} (26... Ra5 $16) 27. Rxd5 {[%emt 0:00:30]} Rxd5 {[%emt 0:00:00] [#]} 28. Kf1 {[%emt 0:00:30]} (28. Bxb6 $1 $18 {[%mdl 512]} Kf7 (28... axb6 29. Rxe6) 29. Be3 (29. Bxa7 Ra5 $18)) 28... Kf7 {[%emt 0:01:00]} 29. Ke2 {[%emt 0:00:30]} h6 {[%emt 0:02:30]} 30. Rd1 {[%emt 0:00:00]} Rxd1 {[%emt 0:00:30]} 31. Kxd1 {[%emt 0:00:00]} g5 {[%emt 0:00:30]} 32. Ke2 {[%emt 0:00:30]} f4 {[%emt 0:01:30]} 33. Bd2 {[%emt 0:00:30]} Kf6 {[%emt 0:01:30]} 34. f3 {[%emt 0:01:30]} fxg3 {[%emt 0:03:30]} 35. hxg3 {[%emt 0:00:30]} h5 {[%emt 0:00:00]} 36. Be1 {[%emt 0:00:30]} Ke5 {[%emt 0:03:00]} 37. Bf2 {[%emt 0:02:30]} Nc5 {[%emt 0:02:30]} 38. Bxc5 {[%emt 0:03:30]} bxc5 {[%emt 0:00:30]} 39. b3 {[%emt 0:00:30]} h4 {[%emt 0:03:30]} 40. Kf2 {[%emt 0:00:00]} Kf5 {[%emt 0:03:30]} 41. Kg2 {[%emt 0:01:00]} Ke5 {[%emt 0:00:30]} 42. Kh3 {[%emt 0:00:30]} a6 {[%emt 0:00:30]} 43. a3 {[%emt 0:01:30]} Kd5 {[%emt 0:02:20]} 44. gxh4 {[%emt 0:00:30]} gxh4 {[%emt 0:00:35]} 45. Kxh4 {[%emt 0:00:30]} 1-0

[Event "Istanbul Open 2018"]
[Site "Istanbul"]
[Date "2018.09.04"]
[Round "4"]
[White "Sarikavak, Serdar Ihsan"]
[Black "Kuseyri, Mehmet Ali"]
[Result "0-1"]
[WhiteElo "1798"]
[BlackElo "1962"]
[Annotator "NA RC"]
[PlyCount "52"]
[EventDate "2018.09.02"]
[EventType "swiss"]
[EventCountry "TUR"]
[SourceTitle "playchess.com"]
[Source "ChessBase"]
[SourceQuality "1"]
[TimeControl "5400+30"]

{[%evp 13,46,-59,0,0,0,-33,12,0,8,17,18,9,0,-37,-27,-45,-43,-63,-59,-73,-65,-64,-59,-53,-64,32767,32767,32767,-78,-91,-79,32767,-108,32767,-233]} 1. e4 {[%emt 0:00:30]} e5 {[%emt 0:00:30]} 2. Nf3 {[%emt 0:00:30]} Nc6 {[%emt 0:00:00]} 3. Bc4 {[%emt 0:00:00]} Bc5 {[%emt 0:00:00]} 4. O-O {[%emt 0:00:00]} Nf6 {[%emt 0:00:30]} 5. d4 {[%emt 0:00:30]} Bxd4 {[%emt 0:00:30]} 6. Nxd4 {[%emt 0:00:00]} Nxd4 {[%emt 0:00:30]} 7. Bg5 {[%emt 0:00:00]} d6 {[%emt 0:01:00]} 8. f4 {[%emt 0:00:30]} Be6 {[%emt 0:02:30]} 9. Na3 {[%emt 0:02:30] LiveBook: 7 Games} Qe7 {[%emt 0:02:30]} 10. fxe5 {[%emt 0:07:30]} dxe5 {[%emt 0:00:00]} 11. c3 {[%emt 0:00:30]} Nc6 {[%emt 0:02:00]} 12. Kh1 {[%emt 0:16:30]} Rg8 {[%emt 0:11:30]} 13. Qf3 {[%emt 0:31:30]} O-O-O {[%emt 0:00:30]} 14. Bxf6 {[%emt 0:04:30]} gxf6 {[%emt 0:00:30]} 15. Qxf6 {[%emt 1:07:30]} Rd2 {[%emt 0:29:30]} 16. Qxe7 {[%emt 0:02:30]} Nxe7 {[%emt 0:00:30]} 17. Bxe6+ {[%emt 0:07:30]} fxe6 {[%emt 0:00:00]} 18. Nc4 {[%emt 0:08:07]} Rdxg2 {[%emt 0:02:00]} 19. Rf8+ {[%emt 0:09:34]} Rxf8 {[%emt 0:00:30]} 20. Kxg2 {[%emt 0:00:03]} Rf4 {[%emt 0:03:30]} 21. Re1 {[%emt 0:00:24] [#]} Ng6 $1 {[%emt 0:00:30]} 22. Kg3 {[%emt 0:00:31]} h5 {[%emt 0:01:30]} 23. h4 {[%emt 0:00:44]} Rg4+ $19 {[%emt 0:00:30]} 24. Kf3 {[%emt 0:04:24]} Nxh4+ {[%emt 0:00:30]} 25. Ke2 {[%emt 0:00:36]} Rxe4+ {[%emt 0:00:00]} 26. Ne3 {[%emt 0:00:17]} Rxe3+ {[%emt 0:00:00]} 0-1

[Event "Istanbul Open 2018"]
[Site "Istanbul"]
[Date "2018.09.04"]
[Round "4"]
[White "Satici, Aydin"]
[Black "Acar, Cengiz Can"]
[Result "0-1"]
[WhiteElo "1605"]
[BlackElo "1755"]
[Annotator "NA RC"]
[PlyCount "128"]
[EventDate "2018.09.02"]
[EventType "swiss"]
[EventCountry "TUR"]
[SourceTitle "playchess.com"]
[Source "ChessBase"]
[SourceQuality "1"]
[TimeControl "5400+30"]

1. c4 g6 2. g3 Bg7 3. Bg2 Nf6 4. Nc3 O-O 5. Rb1 c6 6. e4 e5 7. Nge2 d6 8. O-O Be6 9. d3 Nbd7 10. h3 Ne8 11. f4 f5 12. Be3 h6 13. Qd2 Kh7 14. b3 Nc7 15. d4 Bg8 16. Rbd1 exf4 17. Nxf4 g5 18. Nh5 fxe4 19. Nxe4 d5 20. Nxg5+ hxg5 21. Bxg5 Bxd4+ 22. Kh2 Qe8 23. Nf4 Bf6 24. Rde1 Qf7 25. Qd3+ Kg7 26. Qf5 Bh7 27. Qg4 Kh8 28. Nh5 Ne8 {[%emt 1:43:13]} 29. cxd5 {[%emt 1:33:12]} Rg8 {[%emt 0:00:40]} 30. Nxf6 {[%emt 0:02:25]} Nexf6 {[%emt 0:00:23]} 31. Qh4 {[%emt 0:04:07]} Rxg5 {[%emt 0:00:30]} 32. Qxg5 {[%emt 0:00:03]} cxd5 {[%emt 0:00:29]} 33. Rf4 {[%emt 0:01:15]} Rg8 {[%emt 0:00:35]} 34. Qh4 {[%emt 0:00:25]} Re8 {[%emt 0:00:28]} 35. Ref1 {[%emt 0:00:10]} Rf8 {[%emt 0:00:18]} 36. g4 {[%emt 0:00:41]} Qg7 {[%emt 0:00:42]} 37. g5 {[%emt 0:00:51]} Ne4 {[%emt 0:00:11]} 38. Rxf8+ {[%emt 0:00:49]} Nxf8 {[%emt 0:00:01]} 39. Bxe4 {[%emt 0:00:41]} dxe4 {[%emt 0:00:05]} 40. Qf4 {[%emt 0:01:41]} Ne6 {[%emt 0:00:46]} 41. Qd6 {[%emt 0:01:56]} Nxg5 {[%emt 0:00:43]} 42. Qb8+ {[%emt 0:01:55]} Bg8 {[%emt 0:00:05]} 43. Qg3 {[%emt 0:00:24]} Nf3+ {[%emt 0:01:35]} 44. Kg2 {[%emt 0:00:39]} Bd5 {[%emt 0:00:08]} 45. Rc1 {[%emt 0:00:35]} Bc6 {[%emt 0:00:22]} 46. Rc5 {[%emt 0:00:22]} Qxg3+ {[%emt 0:01:04]} 47. Kxg3 {[%emt 0:00:03]} Kg7 {[%emt 0:00:14]} 48. Kf4 {[%emt 0:00:24]} Kf6 {[%emt 0:00:35]} 49. b4 {[%emt 0:00:30]} a6 {[%emt 0:00:21]} 50. Rh5 {[%emt 0:00:43]} Kg6 {[%emt 0:00:15]} 51. Rc5 {[%emt 0:00:14]} Ne1 {[%emt 0:00:28]} 52. Rg5+ {[%emt 0:00:33]} Kh6 {[%emt 0:00:50]} 53. Rg4 {[%emt 0:01:20]} Nd3+ {[%emt 0:00:26]} 54. Ke3 {[%emt 0:00:12]} Nxb4 {[%emt 0:00:09]} 55. Rg2 {[%emt 0:00:20]} Nd5+ {[%emt 0:00:41]} 56. Kd4 {[%emt 0:00:08]} Kh5 {[%emt 0:00:51]} 57. Rg8 {[%emt 0:00:43]} Nf4 {[%emt 0:00:34]} 58. Rh8+ {[%emt 0:00:20]} Kg5 {[%emt 0:00:18]} 59. Ke3 {[%emt 0:00:31]} Ng2+ {[%emt 0:00:32]} 60. Ke2 {[%emt 0:00:23]} e3 {[%emt 0:00:10]} 61. Rg8+ {[%emt 0:00:26]} Kf4 {[%emt 0:00:07]} 62. Rg4+ {[%emt 0:00:30]} Kf5 {[%emt 0:00:28]} 63. Rb4 {[%emt 0:00:56]} Nf4+ {[%emt 0:00:00]} 64. Ke1 {[%emt 0:00:40]} Nd3+ {[%emt 0:00:00]} 0-1

[Event "Istanbul Open 2018"]
[Site "Istanbul"]
[Date "2018.09.04"]
[Round "4"]
[White "Pektas, Gokdeniz"]
[Black "Hakkaki Fard, Pedram"]
[Result "1-0"]
[WhiteElo "1602"]
[BlackElo "1815"]
[Annotator "NA RC"]
[PlyCount "49"]
[EventDate "2018.09.02"]
[EventType "swiss"]
[EventCountry "TUR"]
[SourceTitle "playchess.com"]
[Source "ChessBase"]
[SourceQuality "1"]
[TimeControl "5400+30"]

{[%evp 8,40,39,24,39,14,2,10,8,16,32767,32767,20,6,45,0,5,-3,193,177,212,216,237,218,1518,620,610,702,1283,1813,1407,1995,29969,1180,1105]} 1. d4 {[%emt 0:00:30]} d5 {[%emt 0:02:30]} 2. c4 {[%emt 0:00:30]} dxc4 {[%emt 0:00:30]} 3. Nf3 {[%emt 0:00:30]} Nf6 {[%emt 0:06:30]} 4. e3 {[%emt 0:01:30]} e6 {[%emt 0:01:30]} 5. Bxc4 {[%emt 0:00:30]} a6 {[%emt 0:00:30]} 6. a4 {[%emt 0:01:30]} c5 {[%emt 0:07:30]} 7. Nc3 {[%emt 0:03:30]} Nc6 {[%emt 0:02:30]} 8. O-O {[%emt 0:00:30]} cxd4 {[%emt 0:01:30]} 9. exd4 {[%emt 0:00:30]} Nb4 {[%emt 0:07:30]} 10. Bg5 {[%emt 0:08:30] LiveBook: 13 Games} Be7 {[%emt 0:00:30]} 11. Bxf6 $146 {[%emt 0:00:30] D27: Queen's Gambit Accepted: Classical main line: 7 e4!? and 7 a4} ({Predecessor:} 11. Qb3 Nc6 12. Rad1 Nd5 13. Bxd5 Bxg5 14. Be4 Na5 15. Qc2 f5 16. Nxg5 Qxg5 17. Bf3 O-O 18. Qe2 Qf6 {0-1 (57) Li,B (2333)-Varga,Z (2470) Balatonlelle 2018}) 11... Bxf6 {[%emt 0:00:30]} 12. Qb3 {[%emt 0:00:30]} Be7 $2 {[%emt 0:02:30]} (12... Nc6 $1 $11) 13. d5 {[%emt 0:00:30]} Nxd5 {[%emt 0:00:30]} (13... O-O $16 14. dxe6 fxe6 15. Bxe6+ Kh8) 14. Nxd5 {[%emt 0:02:30]} ({Weaker is} 14. Bxd5 exd5 15. Rad1 (15. Nxd5 O-O $14) (15. Qxd5 O-O $14) 15... O-O $14) 14... exd5 {[%emt 0:00:30]} 15. Bxd5 {[%emt 0:00:30]} f6 $2 {[%emt 0:59:30]} (15... O-O 16. Ne5 Qe8) 16. Rfe1 {[%emt 0:00:30]} (16. Bg8 $142 Qa5 17. Qf7+ Kd8 18. Rfd1+ Kc7 19. Qxe7+ Kb8 20. Qxg7 Rxg8 21. Qxg8) 16... Kf8 {[%emt 1:02:00]} 17. Rad1 {[%emt 0:35:30]} Qa5 {[%emt 0:00:30] [#]} 18. Rxe7 $1 {[%emt 0:02:30]} Kxe7 {[%emt 0:01:30]} 19. Qa3+ {[%emt 0:00:00]} Kd8 {[%emt 0:12:30]} 20. Bxb7+ {[%emt 0:00:00]} Bd7 $18 {[%emt 0:04:56]} 21. Bxa8 {[%emt 0:01:30]} Qc7 {[%emt 0:01:07]} 22. Be4 {[%emt 0:00:30]} Kc8 {[%emt 0:00:18]} 23. Qe3 {[%emt 0:00:30]} Kb8 {[%emt 0:00:12]} 24. Rc1 {[%emt 0:00:30]} Qa5 {[%emt 0:03:01]} 25. Qf4+ {[%emt 0:02:30]} 1-0

[Event "Istanbul Open 2018"]
[Site "Istanbul"]
[Date "2018.09.04"]
[Round "4"]
[White "Topsir, Furkan"]
[Black "Eryilmaz, Emre"]
[Result "1-0"]
[WhiteElo "1550"]
[BlackElo "1432"]
[Annotator "NA RC"]
[PlyCount "67"]
[EventDate "2018.09.02"]
[EventType "swiss"]
[EventCountry "TUR"]
[SourceTitle "playchess.com"]
[Source "ChessBase"]
[SourceQuality "1"]
[TimeControl "5400+30"]

1. d4 d5 2. c4 c6 3. Nf3 Nf6 4. Nc3 e6 5. e3 Bb4 6. Qc2 O-O 7. a3 Bxc3+ 8. bxc3 dxc4 9. Bxc4 b6 10. e4 Nbd7 11. Bd3 h6 12. O-O Bb7 13. c4 c5 14. d5 exd5 15. cxd5 Qc7 16. Bb2 Rfe8 17. Rfe1 Ng4 18. Qc3 f6 19. h3 Nge5 20. Nxe5 Nxe5 21. Bb5 Red8 22. Qg3 c4 23. Bxe5 fxe5 24. Rac1 Rac8 25. Bxc4 Qd6 26. Be2 Rxc1 27. Rxc1 Rc8 28. Rxc8+ Bxc8 29. Qc3 Bb7 30. Qb4 Qd7 31. Bg4 Qe8 {[%emt 1:41:10]} 32. Be6+ {[%emt 1:33:35]} Kh7 {[%emt 0:00:00]} 33. Qd6 {[%emt 0:00:20]} Ba6 {[%emt 0:01:35]} 34. Qxe5 {[%emt 0:01:01]} 1-0

[Event "Istanbul Open 2018"]
[Site "Istanbul"]
[Date "2018.09.04"]
[Round "4"]
[White "Tepeli, Huseyin"]
[Black "Gezici, Omer Ata"]
[Result "0-1"]
[WhiteElo "1529"]
[BlackElo "1736"]
[Annotator "NA RC"]
[PlyCount "80"]
[EventDate "2018.09.02"]
[EventType "swiss"]
[EventCountry "TUR"]
[SourceTitle "playchess.com"]
[Source "ChessBase"]
[SourceQuality "1"]
[TimeControl "5400+30"]

1. e4 c5 2. Nf3 g6 3. d4 cxd4 4. Nxd4 Nc6 5. c4 Nf6 6. Nc3 Nxd4 7. Qxd4 d6 8. Be2 Bg7 9. O-O O-O 10. Qd1 Be6 11. Rb1 a5 12. Be3 a4 13. f3 Qa5 14. Nd5 Nxd5 15. exd5 Bd7 16. b4 axb3 17. axb3 Qb4 18. Bd4 Ra2 19. Bxg7 Kxg7 20. Qd4+ Kg8 21. Bd3 Rd2 22. Qe3 Ra8 23. Rf2 Raa2 24. Rxd2 Qxd2 25. Qxd2 Rxd2 26. Bf1 Bf5 27. Re1 Kf8 28. g4 Bd3 {[%emt 1:40:43]} 29. f4 {[%emt 1:12:30]} Bxf1 {[%emt 0:00:30]} 30. Rxf1 {[%emt 0:00:30]} Rd3 {[%emt 0:00:30]} 31. Rb1 {[%emt 0:00:30]} Rd4 {[%emt 0:00:30]} 32. Kg2 {[%emt 0:00:30]} Rxf4 {[%emt 0:00:30]} 33. Kg3 {[%emt 0:00:30]} Rd4 {[%emt 0:00:30]} 34. Kf3 {[%emt 0:00:30]} g5 {[%emt 0:00:30]} 35. Ke3 {[%emt 0:00:30]} Rxg4 {[%emt 0:00:27]} 36. Kd3 {[%emt 0:00:30]} Rh4 {[%emt 0:01:55]} 37. Ra1 {[%emt 0:00:30]} Rh3+ {[%emt 0:00:09]} 38. Kc2 {[%emt 0:00:30]} Rxh2+ {[%emt 0:00:02]} 39. Kc3 {[%emt 0:00:30]} g4 {[%emt 0:00:39]} 40. Ra7 {[%emt 0:00:30]} g3 {[%emt 0:00:30]} 0-1

[Event "Istanbul Open 2018"]
[Site "Istanbul"]
[Date "2018.09.04"]
[Round "4"]
[White "Ozates, Veysel"]
[Black "Bayramov, Araz"]
[Result "0-1"]
[WhiteElo "1508"]
[BlackElo "1750"]
[Annotator "NA RC"]
[PlyCount "112"]
[EventDate "2018.09.02"]
[EventType "swiss"]
[EventCountry "TUR"]
[SourceTitle "playchess.com"]
[Source "ChessBase"]
[SourceQuality "1"]
[TimeControl "5400+30"]

1. e4 c5 2. Nf3 d6 3. d4 cxd4 4. Nxd4 Nf6 5. Nc3 g6 6. Be2 Bg7 7. Be3 O-O 8. Qd2 Nc6 9. O-O-O Nxd4 10. Bxd4 Be6 11. f3 Qa5 12. Kb1 Rfc8 13. Bxf6 Bxf6 14. Nd5 Qxd2 15. Nxf6+ Kg7 16. Nh5+ Kh6 17. Rxd2 Kxh5 18. f4+ Kh6 19. g4 Rc5 20. g5+ Kg7 21. h4 h6 22. gxh6+ Kxh6 23. h5 Kg7 24. hxg6 fxg6 25. Rg1 Kf7 26. f5 gxf5 27. Bh5+ Kf6 28. Rg6+ Ke5 29. exf5 Bxf5 30. Rg7 Kf6 31. Rf7+ Kg5 32. Bf3 Re5 33. Rg2+ Kf4 34. Bd1 Re8 35. Kc1 {[%emt 1:35:37]} Ke4 {[%emt 1:39:36]} 36. c3 {[%emt 0:02:16]} Kd5 {[%emt 0:00:52]} 37. Rg5 {[%emt 0:02:55]} Bd3 {[%emt 0:04:15]} 38. Rg4 {[%emt 0:01:01]} Ke6 {[%emt 0:01:08]} 39. Rgf4 {[%emt 0:01:44]} Kd7 {[%emt 0:00:18]} 40. Bg4+ {[%emt 0:01:24]} Kc7 {[%emt 0:00:31]} 41. Kd2 {[%emt 0:00:38]} Bb5 {[%emt 0:00:07]} 42. a4 {[%emt 0:01:17]} Bc6 {[%emt 0:00:02]} 43. Rc4 {[%emt 0:01:10]} Kb6 {[%emt 0:00:49]} 44. Bd1 {[%emt 0:01:03]} a5 {[%emt 0:00:09]} 45. b3 {[%emt 0:00:13]} Bd5 {[%emt 0:00:06]} 46. Rcf4 {[%emt 0:00:23]} Bxf7 {[%emt 0:00:01]} 47. Rxf7 {[%emt 0:00:12]} Rh8 {[%emt 0:00:12]} 48. Rf2 {[%emt 0:00:27]} Rh3 {[%emt 0:01:20]} 49. Be2 {[%emt 0:00:17]} Ree3 {[%emt 0:00:28]} 50. Rf7 {[%emt 0:00:52]} Rxc3 {[%emt 0:01:12]} 51. Rxe7 {[%emt 0:00:39]} Rxb3 {[%emt 0:00:02]} 52. Re6 {[%emt 0:00:55]} Kc5 {[%emt 0:00:24]} 53. Re7 {[%emt 0:00:30]} Rh2 {[%emt 0:00:10]} 54. Rc7+ {[%emt 0:00:23]} Kb6 {[%emt 0:00:16]} 55. Re7 {[%emt 0:00:45]} Rb2+ {[%emt 0:00:02]} 56. Kd3 {[%emt 0:00:02]} Rhxe2 {[%emt 0:00:02]} 0-1

[Event "Istanbul Open 2018"]
[Site "Istanbul"]
[Date "2018.09.04"]
[Round "5"]
[White "Bagaturov, Giorgi"]
[Black "Gulsoy, Mustafa Alpago"]
[Result "1-0"]
[WhiteElo "2396"]
[BlackElo "2061"]
[Annotator "TA"]
[PlyCount "43"]
[EventDate "2018.09.02"]
[EventType "swiss"]
[EventCountry "TUR"]
[SourceTitle "playchess.com"]
[Source "ChessBase"]
[SourceQuality "1"]

{[%evp 25,43,41,40,49,110,108,108,97,123,127,191,155,203,227,202,192,250,235,856,838]} 1. Nf3 Nf6 2. c4 d6 3. g3 g6 4. Bg2 Bg7 5. d4 O-O 6. Nc3 Nbd7 7. O-O e5 8. e4 Re8 9. h3 exd4 10. Nxd4 Nc5 11. Re1 a5 12. Qc2 Nfd7 13. Be3 {E68: King's Indian: Fianchetto: 6...Nbd7 7 0-0 e5 8 e4} Ne5 {LiveBook: 9 Games} (13... c6 14. Rad1 a4 15. b4 axb3 16. axb3 Qb6 17. Rb1 Qb4 18. Re2 Ne6 19. Nxe6 Rxe6 20. Na2 Qa3 21. b4 Qa4 22. Rb3 Re8 {0-1 (65) Anic,D (2381)-Vaisser,A (2509) Drancy 2016}) 14. Qe2 Ne6 (14... Bd7 $14) 15. Rad1 $16 {White is better.} Nxd4 $146 ({Predecessor:} 15... Bd7 16. Ndb5 Qc8 17. f4 Nc6 18. Kh2 Nc5 19. Qf2 Na6 20. a3 Be6 21. Qf1 Rd8 22. Rd2 Nc5 23. Rf2 f5 24. e5 Nb3 25. exd6 cxd6 26. Bb6 {1-0 (26) Macias Murillo,B (2261)-Sanchez,J (2070) Guayaquil 2014}) 16. Bxd4 Be6 17. c5 {[%cal Bc4c5,Bc5d6,Bd6d7][%mdl 32]} Qc8 (17... Ra6 $16) 18. f4 Nc6 19. Bxg7 Kxg7 20. cxd6 Bxh3 (20... cxd6 {might work better.} 21. Nb5 (21. Rxd6 Bxh3 22. Qe3 Ne7 $16) 21... Rd8 22. Nxd6 Nd4 23. Rxd4 (23. Nxc8 Nxe2+ 24. Kf2 Rxd1 $15) 23... Qc5) 21. Nb5 Bxg2 $2 {[#]} (21... Bg4) 22. d7 ({Less strong is} 22. Qxg2 cxd6 23. Nxd6 Qg4 $18) 1-0

[Event "Istanbul Open 2018"]
[Site "Istanbul"]
[Date "2018.09.04"]
[Round "5"]
[White "Aliakbarov, Anar"]
[Black "Aydin, Hasan Bora"]
[Result "1-0"]
[WhiteElo "2322"]
[BlackElo "1950"]
[Annotator "TA"]
[PlyCount "32"]
[EventDate "2018.09.02"]
[EventType "swiss"]
[EventCountry "TUR"]
[SourceTitle "playchess.com"]
[Source "ChessBase"]
[SourceQuality "1"]

{[%evp 18,32,83,85,133,123,134,140,136,121,291,296,689,676,779,754,1519]} 1. d4 Nf6 2. c4 c5 3. d5 e6 4. Nc3 exd5 5. cxd5 Bd6 6. Bg5 O-O 7. Nf3 Re8 8. e3 {A60: Benoni (Moderne Benoni-Verteidigung)} Bc7 (8... a6 9. Bd3 Bf8 10. d6 h6 11. Bh4 b5 12. a4 g5 13. Bg3 b4 14. Nb1 Nc6 15. Nbd2 Bg7 {½-½ (38) Giri,A (2714)-Karjakin,S (2763) Beijing 2011}) 9. d6 Ba5 10. Bc4 {LiveBook: 15 Partien. Weiß steht besser.} b5 {[#]} 11. Bd5 $1 {[%cal Rd5a8]} Nc6 12. O-O {zielt auf Se4! ab.} Bxc3 13. bxc3 h6 $146 (13... Bb7 $16 {kämpft weiter.}) ({Vorgänger:} 13... Ba6 14. Qc2 Rc8 15. Qf5 b4 {1-0 (38) Griffiths,R (2362)-Ynojosa Aponte,F (2374) Istanbul 2012}) 14. Bxf6 $1 $18 gxf6 $2 {[#]} (14... Qxf6 15. Bxc6 dxc6) 15. Nh4 Re5 16. f4 f5 1-0

[Event "Istanbul Open 2018"]
[Site "Istanbul"]
[Date "2018.09.04"]
[Round "5"]
[White "Mohannad, Farhan"]
[Black "Eryigit, Yakup"]
[Result "1/2-1/2"]
[WhiteElo "2201"]
[BlackElo "2030"]
[Annotator "TA"]
[PlyCount "84"]
[EventDate "2018.09.02"]
[EventType "swiss"]
[EventCountry "TUR"]
[SourceTitle "playchess.com"]
[Source "ChessBase"]
[SourceQuality "1"]

{[%evp 14,84,21,16,78,81,82,73,75,58,72,15,17,0,13,10,29,-9,52,12,60,70,64,54,56,62,57,25,39,0,71,0,44,39,71,71,94,67,66,8,8,8,7,11,14,22,62,0,10,0,0,0,0,0,0,0,0,0,0,0,0,0,0,0,0,0,0,0,0,0,0,0,11]} 1. d4 d5 2. c4 e6 3. Nc3 Nf6 4. Bg5 Be7 5. e3 Nbd7 6. Qc2 c6 7. Nf3 h6 8. Bh4 {LiveBook: 114 Games} Ne4 {D53: Queen's Gambit Declined: 4 Bg5 Be7: Early deviations} (8... O-O $11 {keeps the balance.}) (8... O-O 9. Rd1 a6 10. a3 b6 11. Be2 Bb7 12. O-O Qe8 13. Rfe1 dxc4 14. Bxc4 c5 15. d5 exd5 16. Nxd5 Bxd5 17. Bxd5 Nxd5 18. Rxd5 Bxh4 19. Nxh4 {0-1 (47) Salem,A (2638)-Kasimdzhanov,R (2683) Riadh 2017}) 9. Nxe4 $16 dxe4 10. Qxe4 Qa5+ $146 {White is better.} ({Predecessor:} 10... Bb4+ 11. Kd1 Be7 12. Bxe7 Qxe7 13. Bd3 Nf6 14. Qe5 Qb4 15. b3 a5 16. Ke2 {1-0 (25) Ratti,R (2325)-Mantovani,R (2365) Lombardia 1990}) 11. Kd1 Bxh4 12. Nxh4 (12. Qxh4 $16 c5 13. Bd3) 12... Nf6 $11 13. Qc2 c5 14. Bd3 Bd7 15. Nf3 (15. Qc3 $5 {[%cal Rc3a5]} Qb6 16. Kc2 $11) 15... O-O ({Black should play} 15... cxd4 $11 16. exd4 (16. Nxd4 Rd8 $11) 16... Bc6) 16. Ke2 Rfd8 17. Qc3 Qc7 18. dxc5 Qxc5 19. b4 Qe7 20. Ne5 Rac8 21. Qb2 Bc6 (21... Ba4 $11) 22. f3 ({White should try} 22. Nxc6 $16 bxc6 23. Rad1) 22... Nd7 {[#] aiming for ...Qf6.} 23. Nxc6 bxc6 24. Qc3 Qg5 25. Kf2 Ne5 26. Rad1 (26. Be2 $1 $14) 26... Qh4+ 27. Ke2 $1 Nxd3 28. Rxd3 Rxd3 29. Qxd3 {[%mdl 4096] Endgame KQR-KQR} Rd8 30. Qc3 ({Better is} 30. Qe4 $14 Qf6 31. Qc2) 30... e5 {The position is equal.} 31. e4 Qg5 32. g3 f5 33. exf5 Qxf5 {And now ...e4 would win.} 34. Rd1 Rxd1 35. Kxd1 {KQ-KQ} Qb1+ 36. Ke2 Qxa2+ 37. Ke3 Qxh2 38. Qxe5 Qg1+ 39. Ke2 Qg2+ 40. Ke3 Qg1+ 41. Ke2 {Black should prevent Qe8+.} Qg2+ 42. Ke3 Qg1+ {Precision: White = 40%, Black = 61%.} 1/2-1/2